01123nam a2200229Ia 4500008004100000020002000041040001400061082002100075100004100096245003400137250001000171260004100181300001900222365002800241366000800269505001000277530009300287620042300380630003400803650002200837730003400859100315s9999 xx 000 0 und d a81-7014-129-X  cENGLISH  b4826 a657.42  a"SAXENA , V. K ., VASHIST , C . D. " aCOST ACCOUNTING : TEXT BOOK . a1st  aNEW DELHI bSultan Chand  c1996  a"XXVIII, -  " eRupees d1 b165.00  f0  gDBH  bDONATED BY SHRI. RAVI ARORA DONATED BY PROF. B. N . LAD aDONATED BY PROF. B. N . LAD  a"CONCEPTS & PRACTICE , MATERIALS, LABOUR,OVERHEADS, COST BOOK-KEEPING, RECONCILIATION OF COST &FINANCIAL ACCOUNTS, JOB COSTING ,BATCH COSTING, SINGLE OR OUTPUT COSTING , CONTRACT COSTING, PROCESS COSTING , SERVICE COSTING ,JOINT &BY PRODUCTS, MARGINAL COSTING, COST-VOLUME PROFIT ANALYSIS, SHORT TERM DECISION MAKING, BUDGETORY CONTROL,STANDARD COSTING , UNIFORM COSTING ,INTER FIRM COMPARISON, VALU ANALYSIS, ETC., " aCOST ACCOUNTING : TEXT BOOK . aCost Accounting  aCOST ACCOUNTING : TEXT BOOK .